Guess the Random Steven Spielberg Movie - Statistics

General Stats
  • This quiz has been taken 13 times
  • The average score is 3 of 5
Answer Stats
Year Movie % Correct
2015 Bridge of Spies
100%
1977 Close Encounters of the Third Kind
100%
1987 Empire of the Sun
100%
1982 E.T. the Extra-Terrestrial
100%
1981 Indiana Jones and the Raiders of the Lost Ark
100%
1975 Jaws
100%
1993 Jurassic Park
100%
2002 Minority Report
100%
2005 Munich
100%
1993 Schindler's List
100%
2011 War Horse
100%
2005 War of the Worlds
100%
1998 Saving Private Ryan
75%
2004 The Terminal
67%
1971 Duel
50%
2008 Indiana Jones and the Kingdom of the Crystal Skull
50%
2018 Ready Player One
50%
1983 Twilight Zone: The Movie
50%
2021 West Side Story
50%
2011 The Adventures of Tintin
33%
1979 1941
0%
1973 Ace Eli and the Rodger of the Skies
0%
2001 A.I. Artificial Intelligence
0%
1989 Always
0%
1997 Amistad
0%
2002 Catch Me If You Can
0%
1964 Firelight
0%
1991 Hook
0%
1989 Indiana Jones and the Last Crusade
0%
1984 Indiana Jones and the Temple of Doom
0%
2012 Lincoln
0%
1982 Poltergeist
0%
2016 The BFG
0%
1985 The Color Purple
0%
2022 The Fabelmans
0%
1985 The Goonies
0%
1997 The Lost World: Jurassic Park
0%
2017 The Post
0%
1974 The Sugarland Express
0%
No matching quizzes found
Score Distribution
Percent of People with Each Score
Percentile by Number Answered
Your Score History
You have not taken this quiz